000 00477nam a2200181 a 4500
001 1774865107888
003 YourLibrary
005 20260330153907.0
008 260330s2010##################000#0#eng##
020 _a9780808022688
082 0 4 _a362
_bSAC
100 1 _aSacks, Avram,
_eauthor.
245 1 0 _aSocial Security Explained 2010 :
260 _bAspen Publishers,
_c2010.
650 0 _aHealth insurance.
942 _cENGLISH
040 _aYourLibrary
_beng
_cYourLibrary
999 _c618395
_d618395